HOLD MY HAND (Record no. 3115)
[ view plain ]
| 000 -LEADER | |
|---|---|
| fixed length control field | 00586nam a22001457a 4500 |
| 020 ## - INTERNATIONAL STANDARD BOOK NUMBER | |
| ISBN | 978-0-143-42090-3 |
| 082 ## - DEWEY DECIMAL CLASSIFICATION NUMBER | |
| Classification number | 823 |
| Item number | DAT/*H |
| 100 ## - MAIN ENTRY--AUTHOR NAME | |
| Personal name | DATTA,DURJOY |
| 245 ## - TITLE STATEMENT | |
| Title | HOLD MY HAND |
| 260 ## - PUBLICATION, DISTRIBUTION, ETC. (IMPRINT) | |
| Place of publication | HARYANA |
| Name of publisher | PENGUIN RANDOM HOUSE |
| 300 ## - PHYSICAL DESCRIPTION | |
| Number of Pages | 195 |
| 520 ## - SUMMARY, ETC. | |
| Summary, etc | The book, 'Hold My Hand' is a contemporary Indian fiction novel that reflects the true aspects of love. Revolving around the relationship of two youngsters, Deep and Ahana, the story reveals the true power of love and the sacrifices one has to endure for the one they love. |
| 650 ## - SUBJECT ADDED ENTRY--TOPICAL TERM | |
| Topical Term | ENGLISH- NOVEL |
| Geographic subdivision | INDIA |
| 942 ## - ADDED ENTRY ELEMENTS (KOHA) | |
| Koha item type | Books |
| Withdrawn status | Lost status | Collection code | Home library | Current library | Shelving location | Date acquired | Source of acquisition | Full call number | Accession Number | Koha item type |
|---|---|---|---|---|---|---|---|---|---|---|
| Fiction | Main Library | Main Library | SHELF-2-I ENGLIAH NOVEL TEACHERS | 07/11/2016 | PURCHASE | 823 DAT/*H | 09832 | Books |